Reviews of Accelerator Science and Technology : Volume 1 /

Saved in:
Bibliographic Details
Other Authors: Chao, Alexander Wu (Editor), Chou, Weiren (Editor)
Format: Book
Language:English
Published: New Jersey : World Scientific, 2008
Subjects:
Tags: Add Tag
No Tags, Be the first to tag this record!

MARC

LEADER 00000nam a22000003a 4500
001 stu181562
005 20150617225604.5
008 090313s2008----xxu-----------------eng-d
020 |a 978-981-283-520-8 
040 |a STU  |b slo 
041 0 |a eng 
044 |a xxu 
080 |a 001 
080 |a 539.1 
080 |a 531.114 
100 1 |a Chao, Alexander Wu  |4 edt 
245 1 |a Reviews of Accelerator Science and Technology :  |b Volume 1 /  |c Ed.:Chao, A.W., Chou, W. 
260 |a New Jersey :  |b World Scientific,  |c 2008 
300 |a 329 s 
650 7 |a veda  |2 stusub 
650 7 |a jadrová fyzika  |2 stusub 
650 7 |a atómová fyzika  |2 stusub 
650 7 |a atómová energetika  |2 stusub 
650 7 |a technológia  |2 stusub 
650 7 |a zrýchlenie  |2 stusub 
700 1 |a Chou, Weiren  |4 edt 
996 |b 284EK87954  |c E*87954  |l EE10  |s P  |a 0  |w stu181562_0001 
996 |b 284EK87956  |c E*87956  |l EE10  |s P  |a 0  |w stu181562_0002